09-栃木県の市町村クイズ(1999年) - Statistics

General Stats
  • This quiz has been taken 199 times
  • The average score is 33 of 49
Answers on the Map
Answers color-coded by a green-red scale on the quiz's map according to % correct below.
 
Answer Stats
Answer % Correct
宇都宮うつのみや
90%
足利あしかが
86%
塩谷しおやまち
86%
那須なすまち
86%
足尾あしおまち
84%
小山おやま
84%
市貝いちかいまち
83%
日光にっこう
83%
鹿沼かぬま
82%
野木のぎまち
82%
今市いまいち
81%
真岡もおか
81%
茂木もてぎまち
81%
矢板やいた
81%
大田原おおたわら
79%
黒磯くろいそ
79%
佐野さの
79%
芳賀はがまち
79%
栃木とちぎ
77%
益子ましこまち
77%
壬生みぶまち
77%
高根沢たかねざわまち
75%
上三川かみのかわまち
74%
西那須野にしなすのまち
74%
氏家うじいえまち
69%
烏山からすやままち
69%
石橋いしばしまち
66%
葛生くずうまち
65%
藤原ふじはらまち
65%
大平おおひらまち
62%
塩原しおばらまち
62%
岩舟いわふねまち
61%
栗山くりやまむら
57%
南那須みなみなすまち
57%
上河内かみかわちまち
56%
西方にしかたまち
55%
喜連川きつれがわまち
53%
藤岡ふじおかまち
52%
都賀つがまち
51%
河内かわちまち
49%
馬頭ばとうまち
48%
湯津上ゆづかみむら
48%
二宮にのみやまち
47%
粟野あわのまち
45%
国分寺こくぶんじまち
45%
黒羽くろばねまち
44%
田沼たぬままち
43%
南河内みなみかわちまち
43%
小川おがわまち
32%
No matching quizzes found
Score Distribution
Percent of People with Each Score
Percentile by Number Answered
Your Score History
You have not taken this quiz